|
|
|
|
| LEADER |
00000nab a2200000 a 4500 |
| 001 |
vtls000058920 |
| 003 |
SK-MaSNL |
| 005 |
20260304015225.0 |
| 008 |
111031c1979 xo 0 slo |
| 015 |
|
|
|a SNBRA19rr/mm-uuuuu
|
| 035 |
|
|
|a CL0069017
|
| 040 |
|
|
|a SNKBUCL
|b slo
|c SNKBUCL
|e AACR2
|
| 041 |
0 |
|
|a slo
|
| 044 |
|
|
|a xo
|c SK
|
| 080 |
|
|
|a 663.1/.9
|2 1981
|
| 080 |
|
|
|a 546
|2 1981
|
| 080 |
|
|
|a 543
|2 1981
|
| 100 |
1 |
|
|a Smirnová, L.
|4 aut
|9 923265
|
| 245 |
1 |
0 |
|a ASkoncentrovanie stopových množstiev kovov a stanovenie atómovou absorpčnou spektrometriou II. Stanovenie medi a olova v mäsových nátierkach
|c L. Smirnová, M. Vačková, V. Smirnov ; KL. Smirnová
|
| 300 |
|
|
|b Obr. 4. Tb. 6. Res. angl., rus.
|
| 650 |
0 |
7 |
|a potraviny
|2 snkbucl
|9 1614
|
| 650 |
0 |
7 |
|a olovo
|2 snkbucl
|9 17102
|
| 650 |
0 |
7 |
|a meď
|2 snkbucl
|
| 650 |
0 |
7 |
|a atómová absorpčná spektroskopia
|2 snkbucl
|9 100295
|
| 655 |
|
7 |
|a články zo zborníkov
|2 snkbucl
|9 166140
|
| 700 |
1 |
|
|a Vačková, Margita,
|d 1931-
|4 aut
|9 246668
|
| 700 |
1 |
|
|a Smirnov, V.
|4 aut
|9 532456
|
| 700 |
1 |
|
|a Smirnová, KL.
|4 aut
|9 1296278
|
| 773 |
0 |
|
|t Acta Facultatis rerum naturalium Universitatis Comenianae
|d Bratislava : SPN, 1979
|g S. 85-96
|
| 850 |
|
|
|a Slovenská národná knižnica v Martine
|a MTA001
|
| 852 |
|
|
|a SNK
|b KIS3GCP
|
| 958 |
|
|
|a RK
|
| 992 |
|
|
|a RZB
|
| 999 |
|
|
|c 2590330
|d 2592260
|